000 00632nam a2200205Ia 4500
003 GCL
008 140319s9999 xx 000 0 ara d
040 _aGCL /
_cGCL
082 0 4 _aق
_b953.08
_bل م
100 1 _aعلى ماضى
245 1 0 _aمدن اسلامية فى عهد المماليك /
_cعلى ماضى
700 1 _aلابدوس، ايرا
300 _a317 ص
490 _a100 قصة
_v0
650 0 4 _aالمدن الاسلامية
650 0 4 _aالدولة المملوكية
650 0 4 _aالمماليك - تاريخ
650 0 4 _aالمدن - تاريخ - العصر المملوكى
942 _2ddc
_cBK
999 _c43701
_d43701